000 00677nam a2200253Ia 4500
001 51262
005 20240114005221.0
007 ta
008 090618s2005 g b000 u 465 u
040 _aCotton College,Assam
041 _a465
082 _a520
_bNIT
100 _aNityananda, Rajaram .
245 0 _aJournal Of Astrophysics and Astronomy Vol 26 /
_cRajaram Nityananda.
_hTextual Documents
250 _a1st ed /
260 _aPune :
_bThe Indian Academy of Science ,
_c2005.
300 _c24 cm.
653 _aJournals
653 _aBV-Astronomy
653 _aBV-Astrophysics
942 _2ddc
_cBK
999 _c51227
_d51227